Central Library OPAC University of Rajshahi

Ælfric's Colloquy / (Record no. 20497)

MARC details
000 -LEADER
fixed length control field 00716cam a2200241u 4500
001 - CONTROL NUMBER
control field 20497
003 - CONTROL NUMBER IDENTIFIER
rucl marc code BD-RjUL
005 - DATE AND TIME OF LATEST TRANSACTION
control field 20211209000555.0
008 - FIXED-LENGTH DATA ELEMENTS--GENERAL INFORMATION
fixed length control field 140301s1947 enk 000 0 eng d
035 ## - SYSTEM CONTROL NUMBER
System control number (BD-RjUL)20559
040 ## - CATALOGING SOURCE
Original cataloging agency DLC
Transcribing agency CarP
Modifying agency DLC
-- BD-RjUL
Language of cataloging eng
041 ## - LANGUAGE CODE
Language code of text/sound track or separate title eng
082 04 - DEWEY DECIMAL CLASSIFICATION NUMBER
Classification number 829.9
Author mark and year AEL 1947
245 00 - TITLE STATEMENT
Title Ælfric's Colloquy /
Statement of responsibility, etc. Ed. By G. N Garnonsway
260 ## - PUBLICATION, DISTRIBUTION, ETC. (IMPRINT)
Place of publication, distribution, etc. London :
Name of publisher, distributor, etc. Methuen & co.,
Date of publication, distribution, etc. 1947
300 ## - PHYSICAL DESCRIPTION
Pagination ix,65p. ;
Size 17cm.
650 #0 - SUBJECT ADDED ENTRY--TOPICAL TERM
Topical term or geographic name as entry element English language
Chronological subdivision Old English, ca. 450-1100
General subdivision Readers.
9 (RLIN) 63206
700 1# - ADDED ENTRY--PERSONAL NAME
Personal name Garmonsway, George Norman, [from old catalog]
Relator term ed.
942 ## - ADDED ENTRY ELEMENTS (KOHA)
Source of classification or shelving scheme Dewey Decimal Classification
Koha item type Books
Holdings
Lost status Source of classification or shelving scheme Damaged status Not for loan Collection code Permanent Location Current Location Shelving location Date acquired Source of acquisition Cost, normal purchase price Total Checkouts Full call number Date last seen Copy number Koha item type
  Dewey Decimal Classification   Added to bundle Non-fiction Central Library, University of Rajshahi Central Library, University of Rajshahi Reading Room 27/07/1955 U & B. Rajshahi 2.00   829.9 AEL 1947 01/03/2014 C-1 Books
  Dewey Decimal Classification     Non-fiction Central Library, University of Rajshahi Central Library, University of Rajshahi   14/06/1956 Pak american 2.14   829.9 AEL 1947 17/01/2017 C-2 Books